000 00389nam a22001577a 4500
003 OSt
005 20250823155141.0
008 250823b |||||||| |||| 00| 0 eng d
020 _a9789382219262
040 _cIIMT University
100 _aPark's
245 _aPark's Textbook of PREVENTIVE AND SOCIAL MEDICINE
260 _aJabalpur
_bBhanot
_c2025
300 _a1060
942 _2ddc
_c02
999 _c65951
_d65951